[Event "22.Deutsche Senioreneinzelmeisterschaft"]
[Site "Berlin-Spandau"]
[Date "2010.08.16"]
[Round "1.27"]
[White "Pueschel, Werner"]
[Black "Kluger, Hans-Peter"]
[Result "1-0"]
[WhiteElo "2079"]
[BlackElo "1743"]
[EventDate "2010.08.??"]
[PlyCount "101"]
[EventType "swiss"]
[EventRounds "9"]
[EventCountry "GER"]

1.e4 c6 2.d4 d5 3.exd5 cxd5 4.Bd3 Nf6 5.h3 h6 6.Nf3 e6 7.O-O Bd6 8.c3 Nbd7
9.Re1 O-O 10.Nbd2 Re8 11.Ne5 Nf8 12.Ndf3 a6 13.Bd2 b5 14.a3 Bb7 15.Bc2 Qc7
16.Bf4 Ne4 17.Bh2 Rac8 18.Rc1 Qe7 19.Nd3 Bxh2+ 20.Nxh2 Nd7 21.f3 Nd6 22.
Ng4 Qh4 23.Nge5 Nxe5 24.Rxe5 Nc4 25.Re2 Ba8 26.Ra1 Qg3 27.Qe1 Qxe1+ 28.
Rexe1 Kf8 29.a4 Rc7 30.axb5 axb5 31.b4 Nd6 32.Nc5 Rce7 33.Ra6 Nc4 34.Rea1 
Bb7 35.Ra7 Bc8 36.f4 g5 37.fxg5 hxg5 38.Bd3 Rxa7 39.Rxa7 e5 40.Bxc4 bxc4 
41.dxe5 Kg7 42.Rc7 g4 43.hxg4 Bxg4 44.b5 Rxe5 45.b6 Re1+ 46.Kf2 Rb1 47.b7 
Bf5 48.Na6 Rb2+ 49.Ke3 Rb6 50.b8=Q Rxa6 51.Rxf7+ 1-0

[Event "22.Deutsche Senioreneinzelmeisterschaft"]
[Site "Berlin-Spandau"]
[Date "2010.08.16"]
[Round "1.28"]
[White "Kolkwitz, Klaus"]
[Black "Lang, Ferdinand"]
[Result "0-1"]
[WhiteElo "1742"]
[BlackElo "2071"]
[EventDate "2010.08.??"]
[PlyCount "52"]
[EventType "swiss"]
[EventRounds "9"]
[EventCountry "GER"]

1.d4 Nf6 2.Bf4 d6 3.e3 g6 4.h3 Bg7 5.Nf3 O-O 6.Nbd2 b6 7.c3 Bb7 8.Be2 Nbd7
9.O-O c5 10.b4 Nd5 11.Qb3 cxb4 12.cxb4 Nxf4 13.exf4 Nf6 14.Bc4 h6 15.Rae1 
Qd7 16.Nh4 d5 17.Bd3 Nh5 18.f5 g5 19.Nhf3 Nf4 20.Ne5 Qd6 21.a3 Rac8 22.Bb1
Rc7 23.Qg3 Ba6 24.Bd3 Rc3 25.Re3 Bxd3 26.Nxd3 Rxd3 0-1

[Event "22.Deutsche Senioreneinzelmeisterschaft"]
[Site "Berlin-Spandau"]
[Date "2010.08.16"]
[Round "1.29"]
[White "Villing, Dieter"]
[Black "Hagermann, Hermann"]
[Result "1-0"]
[WhiteElo "2070"]
[BlackElo "1738"]
[EventDate "2010.08.??"]
[PlyCount "91"]
[EventType "swiss"]
[EventRounds "9"]
[EventCountry "GER"]

1.e4 d5 2.exd5 Qxd5 3.Nc3 Qe5+ 4.Be2 c6 5.Nf3 Qc7 6.d4 Nf6 7.Bg5 Bf5 8.Qd2
e6 9.Bxf6 gxf6 10.Nh4 Bg6 11.O-O-O Nd7 12.Kb1 O-O-O 13.Qe3 Kb8 14.g3 Nb6 
15.Nxg6 hxg6 16.Ne4 Be7 17.h4 Rd7 18.h5 gxh5 19.Rxh5 Rxh5 20.Bxh5 f5 21.
Nd2 Bf6 22.Nb3 Qd8 23.Qf4+ Kc8 24.c3 Bg5 25.Qf3 Qc7 26.Nc5 Re7 27.Qd3 Nd7 
28.Nb3 Nf6 29.Bf3 b6 30.Rh1 Re8 31.Qa6+ Kb8 32.Nc1 Bxc1 33.Rxc1 Rh8 34.Qa4
Kb7 35.Qc2 Kb8 36.Qe2 Qd6 37.a3 Rh2 38.Rc2 Kc7 39.Qa6 Kb8 40.Qe2 Kc7 41.
Rd2 Kb8 42.c4 Rh8 43.c5 Qc7 44.cxb6 axb6 45.Rc2 Rd8 46.Rxc6 1-0

[Event "22.Deutsche Senioreneinzelmeisterschaft"]
[Site "Berlin-Spandau"]
[Date "2010.08.16"]
[Round "1.30"]
[White "Metzger, Eberhard"]
[Black "Haselhorst, Helmut"]
[Result "0-1"]
[WhiteElo "1732"]
[BlackElo "2066"]
[EventDate "2010.08.??"]
[PlyCount "68"]
[EventType "swiss"]
[EventRounds "9"]
[EventCountry "GER"]

1.e4 Nf6 2.e5 Nd5 3.c4 Nb6 4.c5 Nd5 5.Bc4 c6 6.Qf3 e6 7.Qg3 Qa5 8.Bxd5 
exd5 9.Nf3 Qxc5 10.O-O Na6 11.a3 Qc2 12.d4 Qg6 13.Qf4 Be7 14.b4 O-O 15.Nc3
Nc7 16.Ne2 d6 17.Ng3 Bd7 18.Nh4 Bxh4 19.Qxh4 dxe5 20.dxe5 Qg4 21.Qxg4 Bxg4
22.Be3 Rfd8 23.h3 Bd7 24.Ne2 b6 25.Rac1 Rac8 26.g4 Re8 27.f4 Nb5 28.a4 Nd6
29.Nd4 Nc4 30.Bf2 h5 31.gxh5 Bxh3 32.Rfe1 Bd7 33.Nb3 Nb2 34.Re2 Nd3 0-1

[Event "22.Deutsche Senioreneinzelmeisterschaft"]
[Site "Berlin-Spandau"]
[Date "2010.08.16"]
[Round "1.31"]
[White "Vasiljev, Jurij"]
[Black "Thieme, Wolfgang"]
[Result "0-1"]
[WhiteElo "2063"]
[BlackElo "1731"]
[EventDate "2010.08.??"]
[PlyCount "72"]
[EventType "swiss"]
[EventRounds "9"]
[EventCountry "GER"]

1.d4 Nf6 2.c4 g6 3.Nc3 d5 4.cxd5 Nxd5 5.e4 Nxc3 6.bxc3 Bg7 7.Bc4 c5 8.Ne2 
Nc6 9.Be3 cxd4 10.cxd4 Qa5+ 11.Bd2 Qa3 12.Rb1 O-O 13.d5 Ne5 14.Bb4 Qf3 15.
O-O Qxe4 16.Bb5 Rd8 17.Nc3 Qh4 18.g3 Qf6 19.Ne4 Qf5 20.f3 Bd7 21.Bxe7 Bxb5
22.Rxb5 Rd7 23.Ba3 Nc4 24.Bc1 Rad8 25.Qb3 Rxd5 26.Rb4 Ne5 27.g4 Qe6 28.
Rxb7 Nxg4 29.Ng5 Bd4+ 30.Kh1 Nf2+ 31.Rxf2 Qe1+ 32.Kg2 Qxf2+ 33.Kh3 Qf1+ 
34.Kh4 Bf2+ 35.Kg4 Qg2+ 36.Kf4 Qxg5+ 0-1

[Event "22.Deutsche Senioreneinzelmeisterschaft"]
[Site "Berlin-Spandau"]
[Date "2010.08.16"]
[Round "1.32"]
[White "Rieck, Helmut"]
[Black "Achenbach, Manfred"]
[Result "0-1"]
[WhiteElo "1731"]
[BlackElo "2057"]
[EventDate "2010.08.??"]
[PlyCount "80"]
[EventType "swiss"]
[EventRounds "9"]
[EventCountry "GER"]

1.Nf3 c5 2.c4 g6 3.Nc3 Bg7 4.g3 Nc6 5.e3 d6 6.Bg2 e5 7.d3 Nge7 8.O-O O-O 
9.Ne1 Rb8 10.Bd2 a6 11.Nd5 b5 12.Rb1 bxc4 13.dxc4 Bf5 14.e4 Bd7 15.Nc2 
Nxd5 16.cxd5 Nd4 17.Nxd4 cxd4 18.a4 f5 19.b3 fxe4 20.Bxe4 Bh3 21.Bg2 Bf5 
22.Rc1 Qf6 23.Qf3 Qe7 24.Qe2 Rxb3 25.Qxa6 Bd3 26.Qc6 Bxf1 27.Rxf1 Rb2 28.
Qc1 Qb7 29.a5 Ra2 30.Be4 Qb2 31.Qxb2 Rxb2 32.Rd1 Ra2 33.Kf1 Rb8 34.Bd3 Ra3
35.Bc4 Ra4 36.Bd3 Bf6 37.a6 e4 38.Bxe4 Rxa6 39.h4 Rba8 40.f4 Ra1 0-1

[Event "22.Deutsche Senioreneinzelmeisterschaft"]
[Site "Berlin-Spandau"]
[Date "2010.08.16"]
[Round "1.33"]
[White "Badestein, Hartmut"]
[Black "Wolter, Guenter"]
[Result "1-0"]
[WhiteElo "2055"]
[BlackElo "1725"]
[EventDate "2010.08.??"]
[PlyCount "79"]
[EventType "swiss"]
[EventRounds "9"]
[EventCountry "GER"]

1.e4 d5 2.exd5 Nf6 3.d4 Nxd5 4.Nf3 Bf5 5.c3 e6 6.Bc4 Nc6 7.O-O Be7 8.Re1 
O-O 9.Nbd2 h6 10.Nf1 a6 11.Ng3 Bg6 12.a4 Bd6 13.Ne4 Be7 14.h3 Nf6 15.Nxf6+
Bxf6 16.Bf4 Ne7 17.Ne5 Bxe5 18.Bxe5 c6 19.a5 Nd5 20.Qg4 Qg5 21.Qxg5 hxg5 
22.f3 Nf4 23.Rad1 Rad8 24.Kf2 Bf5 25.h4 Nd5 26.hxg5 Kh7 27.Rh1+ Kg8 28.g4 
Bg6 29.Rde1 f6 30.gxf6 gxf6 31.Bg3 Rde8 32.Re2 Kg7 33.Rhe1 Kf7 34.Rd2 Rh8 
35.Bf1 Rh1 36.Bd3 Rxe1 37.Kxe1 f5 38.Be5 fxg4 39.fxg4 Ne3 40.Rf2+ 1-0

[Event "22.Deutsche Senioreneinzelmeisterschaft"]
[Site "Berlin-Spandau"]
[Date "2010.08.16"]
[Round "1.34"]
[White "Strohbusch, Frank"]
[Black "Schulz, Wolfgang"]
[Result "0-1"]
[WhiteElo "1724"]
[BlackElo "2051"]
[EventDate "2010.08.??"]
[PlyCount "102"]
[EventType "swiss"]
[EventRounds "9"]
[EventCountry "GER"]

1.e4 e5 2.Nf3 Nc6 3.Bc4 Nf6 4.d3 h6 5.c3 d6 6.Bb3 g6 7.h3 Bg7 8.Nbd2 O-O 
9.Nf1 d5 10.exd5 Nxd5 11.Ng3 Kh8 12.O-O Be6 13.Ne4 Qe7 14.d4 exd4 15.Nxd4 
Nxd4 16.cxd4 Rad8 17.Nc3 Qb4 18.Be3 Nxc3 19.bxc3 Qxc3 20.Bxe6 fxe6 21.Qb3 
Qxb3 22.axb3 a6 23.Rac1 Rf7 24.Rc4 Kh7 25.Rfc1 c6 26.g4 Rd5 27.Kg2 Rfd7 
28.Re1 Rb5 29.b4 Kg8 30.f4 Kf7 31.Kf3 Bf8 32.Bd2 Be7 33.Ke4 Bh4 34.Rf1 Bf6
35.Bc3 Rbd5 36.Rd1 Ke7 37.Rc5 g5 38.Rd3 gxf4 39.Rxd5 Rxd5 40.Kxf4 e5+ 41.
Ke4 exd4 42.Bxd4 Bxd4 43.Rxd4 Rxd4+ 44.Kxd4 b6 45.Ke5 a5 46.bxa5 bxa5 47.
h4 a4 48.Kd4 Kf6 49.Kc4 c5 50.Kc3 Ke5 51.Kc4 Kf4 0-1

[Event "22.Deutsche Senioreneinzelmeisterschaft"]
[Site "Berlin-Spandau"]
[Date "2010.08.16"]
[Round "1.35"]
[White "Mueller, Rudolf"]
[Black "Loges, Wilhelm"]
[Result "1-0"]
[WhiteElo "2050"]
[BlackElo "1720"]
[EventDate "2010.08.??"]
[PlyCount "97"]
[EventType "swiss"]
[EventRounds "9"]
[EventCountry "GER"]

1.e4 c5 2.Nf3 Nc6 3.d4 cxd4 4.Nxd4 e5 5.Nxc6 bxc6 6.c4 Nf6 7.Bd3 Bc5 8.Nc3
O-O 9.Bg5 Rb8 10.Qd2 Be7 11.O-O d6 12.b3 Ne8 13.Be3 Rb7 14.Rad1 h6 15.f4 
Bg4 16.Ne2 exf4 17.Bxf4 Bf6 18.h3 Bxe2 19.Qxe2 Be5 20.Be3 c5 {R} 21.Kh1 
Nc7 22.Qh5 Ne6 23.Rf2 Bg3 24.Rf3 Qh4 25.Qd5 Re7 26.Rdf1 Ng5 27.Rxg3 Qxg3 
28.Bf4 Qh4 29.Bxd6 Rd7 30.Kh2 Ne6 31.e5 Rc8 {R} 32.Bf5 Re8 33.Bxe6 Rxe6 
34.Qxc5 Qd8 35.Qd5 Rg6 36.c5 Qa5 37.Rd1 Qc3 38.c6 Rd8 39.c7 Rc8 40.Qb7 Kh7
41.e6 Rxe6 42.Qxc8 Rxd6 43.Qf5+ Rg6 44.Qf4 Rc6 45.Rd7 Rf6 46.Qe4+ g6 47.
Qd5 Kg7 48.Qd4 Qc1 49.Rd6 1-0

[Event "22.Deutsche Senioreneinzelmeisterschaft"]
[Site "Berlin-Spandau"]
[Date "2010.08.16"]
[Round "1.36"]
[White "Wege, Hermann"]
[Black "Dombrowsky, Michael"]
[Result "0-1"]
[WhiteElo "1719"]
[BlackElo "2047"]
[EventDate "2010.08.??"]
[PlyCount "80"]
[EventType "swiss"]
[EventRounds "9"]
[EventCountry "GER"]

1.Nf3 b5 2.g3 Bb7 3.Bg2 e6 4.O-O c5 5.d3 d5 6.Nbd2 Nf6 7.Re1 Be7 8.e4 O-O 
9.e5 Nfd7 10.Nf1 Nc6 11.Bf4 a5 12.h4 b4 13.N1h2 Re8 14.Bg5 Qc7 15.Bxe7 
Rxe7 16.Qe2 Ba6 17.Qe3 a4 18.a3 Bb5 19.h5 Ree8 20.Ng4 Rac8 21.Nf6+ gxf6 
22.exf6 Kh8 23.Qh6 Rg8 24.Ng5 Rxg5 25.Qxg5 Rg8 26.Qh6 Qd8 27.c4 bxc3 28.
bxc3 Bxd3 29.Re3 c4 30.Bxd5 exd5 31.Rae1 Qxf6 32.Qxf6+ Nxf6 33.h6 Ng4 34.
Rf3 Nce5 35.Rf4 Be4 36.Rfxe4 Nf3+ 37.Kg2 Nxe1+ 38.Rxe1 Nxh6 39.Re5 Rd8 40.
f4 Ng8 0-1

[Event "22.Deutsche Senioreneinzelmeisterschaft"]
[Site "Berlin-Spandau"]
[Date "2010.08.16"]
[Round "1.37"]
[White "Daeubler, Heinrich"]
[Black "Bars, Joachim"]
[Result "1-0"]
[WhiteElo "2046"]
[BlackElo "1717"]
[EventDate "2010.08.??"]
[PlyCount "65"]
[EventType "swiss"]
[EventRounds "9"]
[EventCountry "GER"]

1.d4 Nf6 2.c4 e6 3.Nf3 d5 4.Nc3 c6 5.g3 Nbd7 6.Bg2 dxc4 7.O-O Be7 8.e4 h6 
9.Bf4 O-O 10.Rc1 Nh7 11.Qe2 b5 12.d5 exd5 13.exd5 Bb7 14.Nd4 cxd5 15.Nxd5 
Bg5 16.Bxg5 Nxg5 17.Ne7+ Kh8 18.Bxb7 Rb8 19.Bg2 Qb6 20.h4 Nh7 21.Ndc6 Rbe8
22.a4 a6 23.Rfe1 Qc7 24.axb5 axb5 25.Qe3 Nhf6 26.Qd4 Nb6 27.Qc5 Na4 28.
Qxb5 Nb6 29.Ra1 Ra8 30.Rxa8 Rxa8 31.Ne5 Kh7 32.Nxf7 Rf8 33.Qf5+ 1-0

[Event "22.Deutsche Senioreneinzelmeisterschaft"]
[Site "Berlin-Spandau"]
[Date "2010.08.16"]
[Round "1.38"]
[White "Fleischer, Matthias"]
[Black "Kraft, Gerhard"]
[Result "1-0"]
[WhiteElo "1714"]
[BlackElo "1652"]
[EventDate "2010.08.??"]
[PlyCount "114"]
[EventType "swiss"]
[EventRounds "9"]
[EventCountry "GER"]

1.d4 Nf6 2.c4 e6 3.Nc3 Bb4 4.Bg5 h6 5.Bh4 g5 6.Bg3 Ne4 7.Qc2 d5 8.e3 O-O 
9.Bd3 f5 10.Nf3 c5 11.Be5 Nc6 12.a3 cxd4 13.exd4 Nxe5 14.Nxe5 Bd6 15.f3 
Bxe5 16.dxe5 Nxc3 17.Qxc3 Qc7 18.O-O Rd8 19.Rfe1 dxc4 20.Bxc4 Qb6+ 21.Kh1 
Bd7 22.Red1 Rac8 23.Rd6 Rxc4 24.Qxc4 Qxb2 25.Qd4 Qxd4 26.Rxd4 Kf7 27.Rad1 
Ke7 28.h3 h5 29.Kh2 b5 30.g3 a5 31.Kg2 g4 32.hxg4 hxg4 33.fxg4 fxg4 34.Kg1
a4 35.Rxg4 Bc6 36.Rc1 Bd5 37.Rc7+ Kf8 38.Rh7 Re8 39.Rgg7 Be4 40.Rf7+ Kg8 
41.Rhg7+ Kh8 42.Rg5 Rc8 43.Rf4 Bh7 44.Rf6 Re8 45.Kf2 Rg8 46.Rh5 Kg7 47.
Rxe6 Rf8+ 48.Ke3 Bg8 49.Rg5+ Kh7 50.Rf6 Rc8 51.Kd2 Bb3 52.Rb6 Bc4 53.e6 
Re8 54.Re5 Re7 55.g4 Kg6 56.g5 Bf1 57.Ke3 Bc4 1-0

[Event "22.Deutsche Senioreneinzelmeisterschaft"]
[Site "Berlin-Spandau"]
[Date "2010.08.16"]
[Round "1.39"]
[White "Prill, Gerhard"]
[Black "Appel, Juergen"]
[Result "1-0"]
[WhiteElo "2044"]
[BlackElo "1714"]
[EventDate "2010.08.??"]
[PlyCount "81"]
[EventType "swiss"]
[EventRounds "9"]
[EventCountry "GER"]

1.e4 g6 2.d4 Bg7 3.Nf3 d6 4.c3 e6 5.Bd3 Nd7 6.O-O Ne7 7.Re1 b6 8.a4 a5 9.
Na3 O-O 10.Nb5 Nc6 11.Bg5 f6 12.Be3 Na7 13.Bc4 Nb8 14.Qb3 Re8 15.Rad1 Nxb5
16.axb5 Kh8 17.e5 d5 18.exf6 Bxf6 19.Bd3 Nd7 20.Bf4 Ra7 21.Qc2 Qe7 22.Re2 
g5 23.Bg3 g4 24.Ne5 Nxe5 25.Bxe5 Bd7 26.Rde1 Bxe5 27.Rxe5 Qf7 28.Rg5 Rg8 
29.Ree5 Raa8 30.Qe2 Rxg5 31.Rxg5 Qf4 32.Rh5 Qc1+ 33.Qf1 Qxb2 34.Qe1 Rf8 
35.Rxh7+ Kg8 36.Rxd7 Rf6 37.Rxc7 a4 38.f3 a3 39.Qh4 Qc1+ 40.Bf1 Qe3+ 41.
Kh1 1-0

[Event "22.Deutsche Senioreneinzelmeisterschaft"]
[Site "Berlin-Spandau"]
[Date "2010.08.16"]
[Round "1.40"]
[White "Fischer, Paul"]
[Black "Leiber, Bernard"]
[Result "1-0"]
[WhiteElo "1713"]
[BlackElo "2043"]
[EventDate "2010.08.??"]
[PlyCount "87"]
[EventType "swiss"]
[EventRounds "9"]
[EventCountry "GER"]

1.Nc3 d5 2.e4 d4 3.Nce2 Nc6 4.Ng3 e5 5.Bc4 Bd6 6.Nf3 Qe7 7.d3 Bd7 8.c3 
dxc3 9.bxc3 Na5 10.Bb3 Nxb3 11.axb3 Nf6 12.h3 h6 13.Be3 a5 14.O-O O-O 15.
Nd2 c5 16.Nh5 Nh7 17.Nc4 Bc7 18.f4 b5 19.Nb2 f5 20.exf5 Bxf5 21.Qf3 e4 22.
dxe4 Bxe4 23.Qf2 Bd6 24.Rfd1 Rfc8 25.Rd2 Ra6 26.Ng3 Nf6 27.Qe2 Qb7 28.Nh5 
Be7 29.Ng3 Bg6 30.Qf2 c4 31.bxc4 b4 32.cxb4 Bxb4 33.Re2 Rd6 34.c5 {=} 
34...Rd5 35.Na4 Rcd8 36.f5 Bf7 37.Kh2 Rd3 38.Bf4 Qc6 39.Bd6 Bb3 40.Nb2 Rd5
41.Qf3 a4 42.Nd3 Bc3 43.Ne5 Qb5 44.Qxc3 1-0

[Event "22.Deutsche Senioreneinzelmeisterschaft"]
[Site "Berlin-Spandau"]
[Date "2010.08.16"]
[Round "1.41"]
[White "Schmoll, Heinz"]
[Black "Meinhardt, Guenther"]
[Result "1-0"]
[WhiteElo "2043"]
[BlackElo "1707"]
[EventDate "2010.08.??"]
[PlyCount "68"]
[EventType "swiss"]
[EventRounds "9"]
[EventCountry "GER"]

1.e4 e5 2.Nf3 Nc6 3.Bb5 a6 4.Ba4 Nf6 5.O-O Be7 6.Re1 b5 7.Bb3 O-O 8.c3 d5 
9.exd5 Nxd5 10.Nxe5 Nxe5 11.Rxe5 c6 12.d4 Bd6 13.Re1 Qh4 14.g3 Qh3 15.Re4 
g5 16.Qe2 Bf5 17.Nd2 Nf6 18.f3 Bxe4 19.fxe4 Rae8 20.e5 Bc7 21.Qg2 Qxg2+ 
22.Kxg2 Nd5 23.Ne4 Kg7 24.Bxg5 h6 25.Bf6+ Kg6 26.Bxd5 cxd5 27.Nc5 Ra8 28.
Rf1 Rfe8 29.g4 a5 30.Nd3 Rec8 31.Rf5 Kh7 32.Nf4 b4 33.Rh5 bxc3 34.g5 Rg8 
1-0

[Event "22.Deutsche Senioreneinzelmeisterschaft"]
[Site "Berlin-Spandau"]
[Date "2010.08.16"]
[Round "1.42"]
[White "Mehlhorn, Dieter"]
[Black "Zschaebitz, Klaus"]
[Result "0-1"]
[WhiteElo "1705"]
[BlackElo "2040"]
[EventDate "2010.08.??"]
[PlyCount "122"]
[EventType "swiss"]
[EventRounds "9"]
[EventCountry "GER"]

1.d4 e6 2.Nf3 c5 3.c3 Nf6 4.e3 b6 5.Nbd2 Be7 6.Be2 Bb7 7.b3 cxd4 8.exd4 d5
9.Bb2 Nbd7 10.O-O O-O 11.Rc1 Bd6 12.Re1 Qe7 13.Bd3 Bf4 14.Rb1 Rfc8 15.Qe2 
Ne8 16.g3 Bh6 17.Nf1 g6 18.Ne5 Nxe5 19.Qxe5 a5 20.f4 Bg7 21.Qe2 a4 22.f5 
a3 23.Ba1 gxf5 24.Bxf5 Ba6 25.Bd3 Bxd3 26.Qxd3 Nd6 27.Nd2 b5 28.Qf3 Bh6 
29.Rbd1 Bxd2 30.Rxd2 Ne4 31.Rxe4 dxe4 32.Qxe4 Qg5 33.Re2 Rab8 34.Qe5 Qxe5 
35.Rxe5 Rc6 36.Rg5+ Kf8 37.Kf2 f6 38.Rh5 Kg7 39.Ke3 Kg6 40.Rh4 Rd8 41.Rg4+
Kf7 42.Kd3 h5 43.Rh4 Kg6 44.c4 bxc4+ 45.bxc4 Rc5 46.Re4 Kf7 47.Bc3 Rf5 48.
Ke2 Rb8 49.Re3 Rb1 50.Bd2 Rh1 51.Rxa3 Rxh2+ 52.Kd1 Rff2 53.Rd3 Rh3 54.d5 
exd5 55.cxd5 h4 56.d6 Rxg3 57.Rd4 Rgg2 58.Bc3 h3 59.d7 h2 60.d8=Q h1=Q+ 
61.Be1 Qh5+ 0-1

[Event "22.Deutsche Senioreneinzelmeisterschaft"]
[Site "Berlin-Spandau"]
[Date "2010.08.16"]
[Round "1.43"]
[White "Weber, Bernd"]
[Black "Voigt, Udo"]
[Result "1-0"]
[WhiteElo "2037"]
[BlackElo "1700"]
[EventDate "2010.08.??"]
[PlyCount "37"]
[EventType "swiss"]
[EventRounds "9"]
[EventCountry "GER"]

1.d4 d5 2.Nf3 Nf6 3.c4 c6 4.Nc3 e6 5.cxd5 cxd5 6.Bg5 Be7 7.e3 Nbd7 8.Bd3 
h6 9.Bh4 O-O 10.O-O Re8 11.Rc1 a6 12.Bb1 Nh5 13.Bxe7 Qxe7 14.Na4 Nhf6 15.
Qc2 Qd6 16.Qc7 Qxc7 17.Rxc7 e5 18.dxe5 Nxe5 19.Nb6 1-0

[Event "22.Deutsche Senioreneinzelmeisterschaft"]
[Site "Berlin-Spandau"]
[Date "2010.08.16"]
[Round "1.44"]
[White "Mietner, Franz"]
[Black "Weyrauch, Erich"]
[Result "1/2-1/2"]
[WhiteElo "1700"]
[BlackElo "2037"]
[EventDate "2010.08.??"]
[PlyCount "43"]
[EventType "swiss"]
[EventRounds "9"]
[EventCountry "GER"]

1.e4 c5 2.Nf3 d6 3.d4 cxd4 4.Nxd4 Nf6 5.Nc3 g6 6.Be2 Bg7 7.Be3 Nc6 8.Qd2 
Bd7 9.f3 a6 10.g4 O-O 11.h4 b5 12.h5 b4 13.Nd5 Nxd5 14.exd5 Nxd4 15.Bxd4 
Bxd4 16.Qxd4 e5 17.dxe6 Bxe6 18.f4 Qa5 19.Qf6 Qd8 20.Qd4 Qa5 21.Qf6 Qd8 
22.Qd4 1/2-1/2

[Event "22.Deutsche Senioreneinzelmeisterschaft"]
[Site "Berlin-Spandau"]
[Date "2010.08.16"]
[Round "1.45"]
[White "Hanisch, Friedrich"]
[Black "Roettger, Franz"]
[Result "1-0"]
[WhiteElo "2035"]
[BlackElo "1699"]
[EventDate "2010.08.??"]
[PlyCount "148"]
[EventType "swiss"]
[EventRounds "9"]
[EventCountry "GER"]

1.d4 d5 2.Nf3 Bf5 3.e3 e6 4.c4 c6 5.Nc3 Nd7 6.Bd3 Ne7 7.O-O Bxd3 8.Qxd3 
Ng6 9.e4 dxc4 10.Qxc4 Bd6 11.Bg5 Nb6 12.Qb3 Be7 13.Be3 O-O 14.a4 Qc7 15.
Rac1 Nd7 16.Rfd1 Qb6 17.Qc2 Qa5 18.Ne2 Nf6 19.h3 Rfd8 20.Ng3 h6 21.Qc4 Qb4
22.b3 Rd7 23.Bd2 Qxc4 24.bxc4 Rad8 25.Rb1 Nh7 26.Rb3 Ng5 27.Bxg5 Bxg5 28.
a5 Bf6 29.Ne2 Ne5 30.Rdb1 Nxc4 31.Rxb7 Nxa5 32.R7b4 Rc8 33.Ra4 Bd8 34.Rba1
Nb3 35.R1a3 Rb8 36.Rxa7 Rxa7 37.Rxa7 f6 38.Ra4 Be7 39.Ra6 Rc8 40.Rb6 Na5 
41.Nd2 Kf7 42.Ra6 Nb7 43.Ra7 Nd6 44.e5 Nb5 45.Rb7 Rc7 46.Rb6 fxe5 47.dxe5 
Bc5 48.Ra6 Bd4 49.Nc4 Ke7 50.g4 Kd7 51.Kg2 Ra7 52.Rxa7+ Bxa7 53.h4 Nd4 54.
Nxd4 Bxd4 55.f4 Bc5 56.h5 Be7 57.Kf3 c5 58.Ke4 Kc6 59.f5 exf5+ 60.gxf5 Bf8
61.Nb2 Be7 62.Nd1 Bg5 63.Nc3 Be7 64.Nd5 Bf8 65.Nf4 Be7 66.Ne6 c4 67.Nxg7 
c3 68.Ne6 Bg5 69.Nd4+ Kc5 70.f6 Kc4 71.Nc2 Kc5 72.Kf5 Kd5 73.e6 Kd6 74.Nd4
Bh4 1-0

[Event "22.Deutsche Senioreneinzelmeisterschaft"]
[Site "Berlin-Spandau"]
[Date "2010.08.16"]
[Round "1.46"]
[White "Graw, Rolf"]
[Black "Lainburg, Viktor"]
[Result "1/2-1/2"]
[WhiteElo "1695"]
[BlackElo "2031"]
[EventDate "2010.08.??"]
[PlyCount "142"]
[EventType "swiss"]
[EventRounds "9"]
[EventCountry "GER"]

1.e4 Nf6 2.e5 Nd5 3.d4 d6 4.Nf3 dxe5 5.Nxe5 g6 6.Bc4 c6 7.O-O Bg7 8.Re1 
O-O 9.c3 Be6 10.Qe2 Nd7 11.Bg5 Nxe5 12.dxe5 h6 13.Bh4 Nf4 14.Qe4 Bxc4 15.
Qxc4 g5 16.Bg3 Nd3 17.Re2 b5 18.Qb3 Nc1 19.Qc2 Nxe2+ 20.Qxe2 Qd5 21.Nd2 
Rad8 22.Nb3 Qd3 23.Qe1 Rd5 24.Nd4 Rxd4 25.cxd4 Qxd4 26.b3 Rd8 27.Kf1 Rd5 
28.Rc1 c5 29.e6 f5 30.f3 Qd3+ 31.Qe2 Qxe2+ 32.Kxe2 Bd4 33.Bb8 a6 34.f4 g4 
35.Rd1 Kf8 36.Be5 b4 37.g3 Ke8 38.Rd2 Rd8 39.Bxd4 cxd4 40.Kd3 Kf8 41.Rc2 
Kg7 42.Rc4 Rd6 43.Rxb4 Rxe6 44.Rxd4 Re1 45.Rc4 Rd1+ 46.Ke3 Re1+ 47.Kf2 Re6
48.Rc2 Kf6 49.Re2 Rc6 50.Ke3 Ke6 51.Rd2 Rc1 52.Kd3 Kd6 53.Rc2 Rh1 54.Kc4 
e5 55.fxe5+ Kxe5 56.Re2+ Kd6 57.Kb4 h5 58.Ka5 h4 59.gxh4 f4 60.Rf2 Ke5 61.
h5 g3 62.hxg3 fxg3 63.Rg2 Kf4 64.Kxa6 Rxh5 65.a4 Rh6+ 66.Kb5 Rh2 67.Rxg3 
Kxg3 68.a5 Kf4 69.a6 Ke5 70.Kc6 Rh6+ 71.Kb7 Rh7+ 1/2-1/2

[Event "22.Deutsche Senioreneinzelmeisterschaft"]
[Site "Berlin-Spandau"]
[Date "2010.08.16"]
[Round "1.47"]
[White "Khodjabagyan, Seyran"]
[Black "Rehder, Frank"]
[Result "1-0"]
[WhiteElo "2029"]
[BlackElo "1694"]
[EventDate "2010.08.??"]
[PlyCount "51"]
[EventType "swiss"]
[EventRounds "9"]
[EventCountry "GER"]

1.e4 c5 2.Nf3 e6 3.c3 d5 4.exd5 Qxd5 5.d4 Nf6 6.Bd3 cxd4 7.cxd4 Nc6 8.Nc3 
Qd8 9.O-O Be7 10.Bf4 O-O 11.Rc1 a6 12.Re1 Nb4 13.Bb1 b5 14.Ne4 Nbd5 15.Be5
Nxe4 16.Bxe4 Ra7 17.Nd2 Rd7 18.Nb3 f6 19.Qh5 g6 20.Bxg6 hxg6 21.Qxg6+ Kh8 
22.Re4 fxe5 23.Qh6+ Kg8 24.Rg4+ Bg5 25.Rxg5+ Kf7 26.Qh5+ 1-0

[Event "22.Deutsche Senioreneinzelmeisterschaft"]
[Site "Berlin-Spandau"]
[Date "2010.08.16"]
[Round "1.48"]
[White "Merettig, Georg"]
[Black "Benninger, Rudolf"]
[Result "0-1"]
[WhiteElo "1691"]
[BlackElo "2026"]
[EventDate "2010.08.??"]
[PlyCount "56"]
[EventType "swiss"]
[EventRounds "9"]
[EventCountry "GER"]

1.Nc3 g6 2.f4 Bg7 3.e4 c5 4.Nf3 Nc6 5.Ne2 d5 6.e5 f6 7.d4 cxd4 8.Nexd4 
fxe5 9.fxe5 Bg4 10.Qd2 Bxf3 11.Ne6 Qd7 12.Nxg7+ Kf8 13.gxf3 Kxg7 14.f4 Nh6
15.h4 Nf5 16.h5 Rac8 17.hxg6 hxg6 18.Rxh8 Rxh8 19.Bg2 e6 20.c4 d4 21.b3 
Ne3 22.Be4 Rh4 23.Qf2 Rh3 24.Bd2 Qd8 25.Rc1 Qh8 26.Bxc6 bxc6 27.Bxe3 dxe3 
28.Qc2 Qh5 0-1

[Event "22.Deutsche Senioreneinzelmeisterschaft"]
[Site "Berlin-Spandau"]
[Date "2010.08.16"]
[Round "1.49"]
[White "Mittermaier, Walter"]
[Black "Weber, Gerhard"]
[Result "1-0"]
[WhiteElo "2025"]
[BlackElo "1690"]
[EventDate "2010.08.??"]
[PlyCount "67"]
[EventType "swiss"]
[EventRounds "9"]
[EventCountry "GER"]

1.d4 Nf6 2.c4 c6 3.Nc3 d5 4.Nf3 e6 5.e3 Nbd7 6.Bd3 dxc4 7.Bxc4 b5 8.Bd3 
Bb7 9.O-O Be7 10.e4 O-O 11.Qe2 a6 12.Rd1 Qc7 13.Bg5 h6 14.Bh4 Rfe8 15.Rac1
Qb6 16.e5 Nd5 17.Nxd5 cxd5 18.Bxe7 Rxe7 19.b4 Rc8 20.Rxc8+ Bxc8 21.Rc1 Bb7
22.Rc3 Nf8 23.Qc2 Rd7 24.Rc5 Re7 25.h3 Rd7 26.Nd2 Re7 27.Nb3 Rd7 28.Qc1 
Qd8 29.Na5 Qe7 30.a3 Qd8 31.Bb1 Qe7 32.Qc2 Ba8 33.Rc8 Bb7 34.Qh7# 1-0

[Event "22.Deutsche Senioreneinzelmeisterschaft"]
[Site "Berlin-Spandau"]
[Date "2010.08.16"]
[Round "1.50"]
[White "Kuehnl, Bernd"]
[Black "Biller, Helmut"]
[Result "0-1"]
[WhiteElo "1689"]
[BlackElo "2023"]
[EventDate "2010.08.??"]
[PlyCount "124"]
[EventType "swiss"]
[EventRounds "9"]
[EventCountry "GER"]

1.d4 Nf6 2.c4 e6 3.Nf3 d5 4.Nc3 Be7 5.Bf4 O-O 6.h3 c5 7.e3 Nc6 8.Be2 cxd4 
9.exd4 dxc4 10.Bxc4 a6 11.a4 Qb6 12.Rb1 Rd8 13.Be3 Nd5 14.Nxd5 exd5 15.Bd3
Nb4 16.O-O Nxd3 17.Qxd3 Bd7 18.b3 Rac8 19.Rbc1 Ba3 20.Rxc8 Rxc8 21.Ne5 Qe6
22.g4 f6 23.Nxd7 Qxd7 24.Re1 Qc6 25.Kf1 Qd6 26.Bd2 Qc6 27.Qf5 g6 28.Qd3 
Bd6 29.Rc1 Qd7 30.Rxc8+ Qxc8 31.Qf3 Qe6 32.Bf4 Bb4 33.Qe2 Qc6 34.Qd3 Kf7 
35.Bd2 Bd6 36.Ke2 Bb8 37.Kd1 Ba7 38.Bb4 Bb6 39.Ke1 Qe6+ 40.Kd1 Qe4 41.Qxe4
dxe4 42.Bc3 Ke6 43.Ke2 Kd5 44.f3 Bxd4 45.fxe4+ Kxe4 46.Bd2 f5 47.gxf5 gxf5
48.Bh6 f4 49.Bf8 f3+ 50.Kf1 Kf4 51.Be7 b5 52.axb5 axb5 53.h4 Kg4 54.Bd8 
Be5 55.Bb6 Kxh4 56.Be3 Kg4 57.Kg1 h5 58.Bf2 h4 59.Kh1 Bg3 60.Be3 f2 61.
Bxf2 Bxf2 62.Kg2 Bg3 0-1

[Event "22.Deutsche Senioreneinzelmeisterschaft"]
[Site "Berlin-Spandau"]
[Date "2010.08.16"]
[Round "1.52"]
[White "Petrykowski, Reinhardt"]
[Black "Kornrumpf, Joachim"]
[Result "0-1"]
[WhiteElo "1686"]
[BlackElo "2015"]
[EventDate "2010.08.??"]
[PlyCount "122"]
[EventType "swiss"]
[EventRounds "9"]
[EventCountry "GER"]

1.e4 c5 2.Nf3 e6 3.d4 cxd4 4.Nxd4 a6 5.Be3 Qc7 6.Qd2 Nf6 7.f3 d5 8.Bd3 Bd6
9.g3 O-O 10.O-O Nbd7 11.Nc3 Nc5 12.exd5 Nxd3 13.cxd3 Nxd5 14.Bf2 Nxc3 15.
Qxc3 Qe7 16.a3 Bd7 17.Rac1 Rac8 18.Qd2 e5 19.Ne2 Bc6 20.Be3 Rfe8 21.Nc3 f5
22.Bg5 Qe6 23.Rce1 Qg6 24.Be3 f4 25.Bf2 Bxf3 26.Ne4 Bc7 27.b4 b6 28.Rc1 
Red8 29.Qa2+ Kh8 30.Qc4 Qg4 31.Rc2 Bb8 32.Qb3 Rxc2 33.Qxc2 Be2 34.Re1 Bxd3
35.Qc6 Qf3 36.Qxb6 Rc8 37.Ng5 Qh5 38.Qb7 Re8 39.Ne4 Qg6 40.Qd7 Bb5 41.Qd2 
Bc6 42.Qe2 h6 43.Qd3 Bb5 44.Qb3 Qg4 45.Qc2 f3 46.Bc5 Qh3 47.Qf2 Qf5 48.Bd6
Bc6 49.Bxb8 Rxb8 50.Nd6 Qg6 51.Ne4 Bxe4 52.Rxe4 Rd8 53.Re1 Qf5 54.Qe3 Rd3 
55.Qc5 Qh3 56.Qf2 e4 57.Rc1 Rxa3 58.Rd1 Qe6 59.h4 Ra2 60.Qe3 Rg2+ 61.Kf1 
Qc4+ 0-1